Analýza hodnotenia Slovenska vo vybraných rebríčkoch konkurencieschopnosti diplomová práca

Uložené v:
Podrobná bibliografia
Hlavný autor: Myšľanová, Mária
Korporativný autor: Obchodná fakulta EU. Katedra medzinárodného obchodu
Ďalší autori: Hlušková, Tatiana, 1987-
Médium: Kniha
Jazyk:Slovak
Vydavateľské údaje: Bratislava 2018
Tagy: Pridať tag
Žiadne tagy, Buďte prvý, kto otaguje tento záznam!

MARC

LEADER 00000nbm a2200000 4500
001 0243393
005 20181003113121.4
041 0 |a slo 
044 |a SK 
245 1 0 |a Analýza hodnotenia Slovenska vo vybraných rebríčkoch konkurencieschopnosti  |b diplomová práca  |c Mária Myšľanová ; školiteľ: Tatiana Hlušková 
264 1 |a Bratislava  |c 2018 
300 |a 105 s. 
100 1 |a Myšľanová, Mária 
700 1 |a Hlušková, Tatiana, 1987- 
710 2 |a Obchodná fakulta EU. Katedra medzinárodného obchodu